000 00848nam a2200289 4500
001 1796161
003 ARRUPE
005 20150515105521.0
008 711105s1971 ne b 000 0 eng
010 _a 78154739
015 _aNe71-36
040 _aDLC
_cDLC
_dDLC
050 0 0 _aQ175
_b.K67
082 0 0 _a501
100 1 _aKordig, Carl R.
_917804
245 1 4 _aThe justification of scientific change.
_c[By] Carl R. Kordig.
260 _aDordrecht,
_bReidel
_c[1971].
300 _axiv, 119 p.
_c23 cm.
350 _afl34.35
490 0 _aSynthese library
500 _aBased on author's dissertation--Yale University.
504 _aBibliography: p. [116]-119.
650 0 _aScience
_xPhilosophy.
_917805
650 0 _aScience
_xMethodology.
_917806
906 _a7
_bcbc
_corignew
_d3
_encip
_f19
_gy-gencatlg
942 _2lcc
_cMONOGRAPH
999 _c122837
_d122837